History Quiz

Random History or Politics Quiz

Longer or Shorter?: Wars Quiz Stats

 Plays Quiz Updated Feb 23, 2019

Score 0/15 Timer 06:00
6 Plays Today
War: # of Years L or S? % Correct
American Civil War: 2 years???
86.3%
World War One: 13 years???
84.8%
World War Two: 5 years???
81.9%
American Revolution: 14 years???
78%
War of 1812: 1 year???
75.4%
Crimean War: 15 years???
72.6%
Mexican-American War: 7 years???
72%
Iraq War (2003): 4 years???
71.7%
War: # of Years L or S? % Correct
Iran-Iraq War: 16 years???
67.7%
Spanish Civil War: 7 years???
66.6%
Vietnam War: 11 years???
66.4%
Hundred Years’ War: 100 years???
66.4%
French and Indian War: 6 years???
58.9%
Persian Gulf War: 3 years???
56%
Great Turkish War: 11 years???
50.7%

You're not logged in!

Compare scores with friends on all Sporcle quizzes.
OR
Log In

Sporcle TV

Today on Sporcle TV


Watch our educational content, quiz creation guides, and fun videos on Sporcle TV.

Show Comments

Extras

Top Quizzes Today


Score Distribution

Your Account Isn't Verified!

In order to create a playlist on Sporcle, you need to verify the email address you used during registration. Go to your Sporcle Settings to finish the process.

Report this User

Report this user for behavior that violates our Community Guidelines.

Details: